| 000 | 00381nam a2200145Ia 4500 | ||
|---|---|---|---|
| 008 | 231221s9999 xx 000 0 und d | ||
| 020 | _a9780000000000 | ||
| 041 | _aEnglish | ||
| 082 | _a651.4 RAM;1 R | ||
| 100 | _aRaman, Meenakshi. Singh, Prakash | ||
| 245 | 0 | _aBusiness communication | |
| 260 |
_c2006 _bOxford University Press _aOxford |
||
| 300 | _axii+595 | ||
| 942 | _cHM | ||
| 999 |
_c209219 _d209219 |
||